000 004510000a22001930004500
005 20120302053120.0
942 _cBOOK
100 _a Doheny, Monsignor W.M.J.
245 _a Revelations of St.Gertrude
260 _a-:
_b-,
_c1978
300 _a315p
040 _aENG
365 _bRs.
650 _aReligion
650 _aChristian
650 _aChristianity-Religion
650 _aRevelation-Gertrude
650 _aIntimate Union-Jesus-Heart
999 _c341984
_d341981